000 00373nam a2200133Ia 4500
008 180430s9999 xx 000 0 und d
020 _a9781455545537
100 _aPatterson, James
245 _cEllis, David
_aMistress /
260 _aNew York :
_bGrand central
_c2013
300 _a410 pages
650 _aCompulsive behavior -- Fiction.
650 _aParanoia -- Fiction.
999 _c356386
_d356386